Study Guide to Accompany Schiller The Macro Economy Today
Gespeichert in:
| 1. Verfasser: | |
|---|---|
| Weitere Verfasser: | |
| Format: | Buch |
| Sprache: | Englisch |
| Veröffentlicht: |
New York
MacGraw-Hill
1991
|
| Ausgabe: | 5. ed. |
| Schlagworte: | |
| Tags: |
Keine Tags, Fügen Sie das erste Tag hinzu!
|
MARC
| LEADER | 00000nam a2200000 4500 | ||
|---|---|---|---|
| 001 | c009592 | ||
| 005 | 20221206114951.4 | ||
| 020 | |a 0-07-056169-9 | ||
| 041 | 0 | |a eng | |
| 044 | |a US | ||
| 245 | 1 | 0 | |a Study Guide to Accompany Schiller The Macro Economy Today |c Michael M. Tansey, Lawrence F. Ziegler |
| 250 | |a 5. ed. | ||
| 264 | 1 | |a New York |b MacGraw-Hill |c 1991 | |
| 300 | |a 358 s. | ||
| 610 | 2 | 0 | |a makroekonomika |
| 610 | 2 | 0 | |a hospodárstvo svetové |
| 610 | 2 | 0 | |a monetarizmus |
| 610 | 2 | 0 | |a keynesizmus |
| 100 | 1 | |a Tansey, Michael M. | |
| 700 | 1 | |a Ziegler, Lawrence F. | |